Missing Word: John Hughes Movies Quiz Stats

 Plays Quiz Updated May 26, 2012

Support Sporcle.
Go Orange.
Score 0/18 Timer 03:00
0 Plays Today
Movie Title Missing Word % Correct
Pretty in ______Pink
97.1%
______ Bueller's Day OffFerris
95.7%
Sixteen ______Candles
92.9%
Home ______Alone
91.2%
Planes, Trains & ______Automobiles
91.1%
The ______ ClubBreakfast
90.8%
Dennis the ______Menace
89.3%
National Lampoon's Christmas ______Vacation
88.4%
She's Having a ______Baby
85.9%
Movie Title Missing Word % Correct
______ BuckUncle
78%
Baby's ______ OutDay
75.4%
Weird ______Science
73.2%
Some Kind of ______Wonderful
70.9%
101 ______Dalmatians
63.4%
______ SueCurly
33%
Mr. _____Mom
18.3%
The Great ______Outdoors
13.5%
______ OpportunitiesCareer
11%

Today's Daily Dose

Missing Word
90s UK #1s

Word Ladder
Full Score

Quick Pick
Prime Books

Get the Picture
Big 4 'P' All-Stars

From the Vault

50 Hits to Click: 1988

by caramba

Music 6m
Read my lips: no new Slashes.
Remove Ads.
Support Sporcle.
Get the best of Sporcle when you Go Orange. This ad-free experience offers more features, more stats, and more fun while also helping to support Sporcle. Thank you for becoming a member.

Show Comments

Extras

Top Quizzes Today


Score Distribution

Your Account Isn't Verified!

In order to create a playlist on Sporcle, you need to verify the email address you used during registration. Go to your Sporcle Settings to finish the process.

Report this User

Report this user for behavior that violates our Community Guidelines.

Details: